Fusionar texto - Fusionar 5 Quiz - Estadísticas

Estadísticas generales
  • Esta prueba ha sido intentada 56 veces
  • La puntuación promedio es 7 de 15
Estadísticas de respuestas
Fusionada Respuesta % Correcto
Continente Europa
94%
Continente Asia
92%
Continente África
88%
Continente América del norte
63%
La mayoría de la población Estados Unidos
63%
La mayoría de la economía Estados Unidos
63%
La mayoría de la población India
60%
La mayoría de la economía Alemania
56%
Continente Sudamerica
44%
La mayoría de la economía Reino Unido
40%
La mayoría de la población Indonesia
27%
La mayoría de la población Pakistán
17%
La mayoría de la población Porcelana
2%
La mayoría de la economía Porcelana
2%
La mayoría de la economía Japona
0%
No se encontraron pruebas coincidentes
Distribución de puntuación
Porcentaje de gente con cada puntuación
Porcentaje por número respondido
Historial de tus puntuaciones
No has intentado esta prueba.